| 000 | 03549cgm a2200757Ia 4500 | ||
|---|---|---|---|
| 001 | ocn769033164 | ||
| 003 | OCoLC | ||
| 005 | 20241220132101.0 | ||
| 008 | 111221s2012 xxu110 vleng d | ||
| 007 | vd cvaizq | ||
| 040 |
_aTEFMT _cTEFMT _dBTCTA _dTEF _dBDX _dTEFMT _dGK8 _dJBL _dUPZ _dRNL _dUINTA |
||
| 024 | 1 | _a025192131479 | |
| 028 | 4 | 2 |
_a66121389 _bSummit Entertainment |
| 029 | 1 |
_aNZ1 _b14144812 |
|
| 035 | _a(OCoLC)769033164 | ||
| 037 |
_bMidwest Tape _nhttp://www.midwesttapes.com |
||
| 041 | 1 |
_aeng _aspa _jeng _jspa _heng |
|
| 043 | _ae-fr--- | ||
| 050 | 4 |
_aPN1997.2 _b.T47 2012 |
|
| 082 | 0 | 4 |
_a791.43/72 _223 |
| 049 | _aUCLB | ||
| 092 | _a791.437 | ||
| 245 | 0 | 4 |
_aThe three musketeers _h[videorecording] / _cSummit Entertainment and Constantin Film present a Constantin Film/Impact Pictures production ; screenplay by Alex Litvak and Andrew Davies ; directed by Paul W. S. Anderson. |
| 260 |
_a[United States] : _bSummit Entertainment, _c[2012] |
||
| 300 |
_a1 videodisc (110 min.) : _bsd., col. ; _c4 3/4 in. |
||
| 538 | _aDVD, region 1, anamorphic widescreen (2.35) aspect ratio, 5.1 Dolby Digital. | ||
| 546 | _aEnglish or Spanish dialogue; Spanish subtitles ; English subtitles for the deaf and hard of hearing (SDH). | ||
| 500 | _aTitle from container. | ||
| 511 | 1 | _aLogan Lerman, Matthew MacFadyen, Ray Stevenson, Orlando Bloom, Milla Jovovich, Luke Evans. | |
| 508 | _aMusic, Paul Haslinger ; production designer, Paul D. Austerberry ; editor, Alexander Berner ; director of photography, Glen MacPherson. | ||
| 500 | _aBased on the classic novel by Alexandre Dumas. | ||
| 500 | _aOriginally produced as a motion picture in 2011. | ||
| 500 | _aRelease date: Mar. 13, 2012. | ||
| 521 | 8 | _aMPAA rating: PG-13; for sequences of adventure action violence. | |
| 520 | _aThe hot-headed young D'Artagnan joins forces with three veteran Musketeers to prevent the villainous Cardinal Richelieu from seizing the French throne and engulfing Europe in war. | ||
| 500 | _aBonus material: deleted & extended scenes ; cast & crew stories ; 17th century auction ; audio commentary with the director. | ||
| 651 | 0 |
_aFrance _xHistory _yLouis XIII, 1610-1643 _vDrama. _96444085 |
|
| 650 | 0 |
_aSwordplay _vDrama. _95721984 |
|
| 651 | 7 |
_aFrancia _xHistoria _yLuis XIII, 1610-1643 _vTeatro. _2bidex _96514852 |
|
| 655 | 7 |
_aFeature films. _2lcgft _96233194 |
|
| 655 | 7 |
_aFilm adaptations. _2lcgft _96233195 |
|
| 655 | 7 |
_aSwashbuckler films. _2lcgft _95753951 |
|
| 655 | 7 |
_aAction and adventure films. _2lcgft _96233196 |
|
| 655 | 7 |
_aFiction films. _2lcgft _96233197 |
|
| 655 | 7 |
_aHistorical films. _2lcgft _96233198 |
|
| 655 | 7 |
_aVideo recordings for the hearing impaired. _2lcgft _96233199 |
|
| 655 | 7 |
_aFeature films. _2gsafd _96233194 |
|
| 700 | 1 |
_aAnderson, Paul, _d1965- _950139 |
|
| 700 | 1 |
_aLitvak, Alex. _95746692 |
|
| 700 | 1 |
_aDavies, Andrew, _d1936- _910759 |
|
| 700 | 1 |
_aLerman, Logan, _d1992- _972430 |
|
| 700 | 1 |
_aMacfadyen, Matthew, _d1974- _972719 |
|
| 700 | 1 |
_aStevenson, Ray, _d1964- _965388 |
|
| 700 | 1 |
_aBloom, Orlando, _d1977- _969224 |
|
| 700 | 1 |
_aJovovich, Milla. _965259 |
|
| 700 | 1 |
_aEvans, Luke, _d1979- _95813418 |
|
| 700 | 1 |
_aDumas, Alexandre, _d1802-1870. _tTrois mousquetaires. _lEnglish. _923276 |
|
| 710 | 2 |
_aSummit Entertainment. _958551 |
|
| 710 | 2 |
_aConstantin Film (Firm) _976424 |
|
| 710 | 2 |
_aImpact Pictures. _95764703 |
|
| 938 |
_aBaker and Taylor _bBTCP _nBEDDSUMI66121389000 |
||
| 938 |
_aBrodart _bBROD _n13675257 _c$26.99 |
||
| 942 |
_cDVD _0163 |
||
| 994 |
_aC0 _bUINTA |
||
| 998 | _aa150348 | ||
| 999 |
_c83060 _d83060 |
||